Представление документа в формате RUSMARC

ПолеНазваниеЗначение
  Тип записи a
  Библиографический уровень a
001 Контрольный номер RU/CBS_UL/BASE/b26bf105a2ab4501a1237e85900a66bf
005 Дата корректировки 20260314160310.7
100 Данные общей обработки __
a Данные общей обработки 20260314 ||| 0rusy0189 ca
101 Язык документа 0_
a Язык текста rus
102 Страна публикации __
a Страна публикации RU
200 Заглавие и сведения об ответственности 1_
a Заглавие В Ульяновске начнут развивать новый паралимпийский вид спорта
e Сведения, относящиеся к заглавию [развитие адаптивного спорта в Ульяновской области]
300 Общие примечания __
a Общие примечания 6+
461 Уровень набора _0
1 2000
a Чемпион
463 Уровень физической единицы _0
1 2000
a № 4 (28 янв.)
v С. 1 : фото
1 2101
d 2026
1 001RU/CBS_UL/BASE/1b5a02de03f44d1fb507113e418cb6a6
606 Тематические рубрики 0_
a Основная рубрика Паралимпийский спорт - Ульяновская область
610 Ключевые слова 0_
a Ключевые слова паралимпийский спорт
610 Ключевые слова 0_
a Ключевые слова спорт паралимпийский
610 Ключевые слова 0_
a Ключевые слова ульяновский паралимпийский спорт
610 Ключевые слова 0_
a Ключевые слова адаптивный спорт
610 Ключевые слова 0_
a Ключевые слова спорт адаптивный
610 Ключевые слова 0_
a Ключевые слова ульяновский адаптивный спорт
686 Индексы других классификаций __
2 Код системы rubbk
a Классификационный индекс 75.7
801 Источник записи _0
a Страна RU
b Организация МБУК ЦБС г. Ульяновска
c Дата составления 20260314
g Правила каталогизации RCR
801 Источник записи _1
a Страна RU
b Организация МБУК ЦБС г. Ульяновска
c Дата составления 20260314
g Правила каталогизации RCR
901 Тип документа __
t Тип документа f
w Контрольный № источника RU/CBS_UL/BASE/1b5a02de03f44d1fb507113e418cb6a6
909 Создатель записи __
a Создатель записи lib2